[Event "Nordic-ch (Women)"]
[Site "Elsinore"]
[Date "2007.07.22"]
[Round "2"]
[White "Agrest, Inna"]
[Black "Andersson, Christin"]
[Result "0-1"]
[WhiteElo "2085"]
[BlackElo "2139"]
[PlyCount "108"]
[EventDate "2007.07.21"]
[EventType "tourn"]
[EventRounds "10"]
[EventCountry "DEN"]
[Source "ChessBase"]
[SourceDate "2009.11.30"]

1. e4 e6 2. d4 d5 3. Nc3 Bb4 4. Nge2 dxe4 5. a3 Bxc3+ 6. Nxc3 f5 7. Bc4 Nf6 8.
Bg5 c6 9. O-O O-O 10. f3 exf3 11. Rxf3 Kh8 12. Ne2 b5 13. Bb3 Qe8 14. Qe1 Ne4
15. Bf4 Nd7 16. Rh3 g5 17. Bc7 Bb7 18. Nc3 Ndf6 19. Be5 Nxc3 20. bxc3 Rd8 21.
Qe3 f4 22. Qe4 Rd7 23. Re1 Rg7 24. Qd3 c5 25. dxc5 Qc6 26. Re2 Rd7 27. Bd6 g4
28. Rh4 f3 29. Rf2 Rxd6 30. cxd6 Qc5 31. g3 Rd8 32. Qd4 Qxd4 33. cxd4 Rxd6 34.
c3 a5 35. Rd2 a4 36. Ba2 Be4 37. Rb2 Rc6 38. Rxb5 Rxc3 39. Rb2 Bf5 40. h3 Rxa3
41. hxg4 Bxg4 42. Bb1 h5 43. Rhh2 Re3 44. Rb8+ Kg7 45. Rhb2 Bf5 46. Bxf5 exf5
47. R2b7+ Kg6 48. Ra8 f4 49. gxf4 Ne4 50. Rg8+ Kf5 51. Rh7 Re1+ 52. Kh2 Nf6 53.
Rf7 f2 54. Rg5+ Ke6 0-1

[Event "Nordic-ch (Women)"]
[Site "Elsinore"]
[Date "2007.07.24"]
[Round "5"]
[White "Agrest, Inna"]
[Black "Vovk, Oksana"]
[Result "1/2-1/2"]
[WhiteElo "2085"]
[BlackElo "2164"]
[PlyCount "78"]
[EventDate "2007.07.21"]
[EventType "tourn"]
[EventRounds "10"]
[EventCountry "DEN"]
[Source "ChessBase"]
[SourceDate "2009.11.30"]

1. e4 e6 2. d4 d5 3. Nc3 Nf6 4. Bg5 Bb4 5. e5 h6 6. Bd2 Bxc3 7. bxc3 Ne4 8. Qg4
g6 9. Bd3 Nxd2 10. Kxd2 c5 11. h4 Qe7 12. Nf3 Bd7 13. Rhb1 Bc6 14. Nh2 Nd7 15.
g3 Rc8 16. f4 Nb6 17. h5 g5 18. fxg5 Qxg5+ 19. Qxg5 hxg5 20. Ng4 Ke7 21. Rh1
Nd7 22. Raf1 Rcf8 23. h6 c4 24. Be2 f5 25. Ne3 Rh7 26. Rh5 Rg8 27. Rfh1 Nf8 28.
Bf3 Kf7 29. R5h2 Rgh8 30. Bh5+ Ng6 31. g4 f4 32. Nf5 Rg8 33. Ke2 Kf8 34. Ng7
Kf7 35. Bxg6+ Kxg6 36. Kf3 Rgh8 37. Nxe6 Rxh6 38. Nf8+ Kg7 39. Ne6+ Kg6 1/2-1/2

[Event "Nordic-ch (Women)"]
[Site "Elsinore"]
[Date "2007.07.27"]
[Round "9"]
[White "Agrest, Inna"]
[Black "Fredericia, Louise Winther"]
[Result "0-1"]
[WhiteElo "2085"]
[BlackElo "2101"]
[PlyCount "80"]
[EventDate "2007.07.21"]
[EventType "tourn"]
[EventRounds "10"]
[EventCountry "DEN"]
[Source "ChessBase"]
[SourceDate "2009.11.30"]

1. e4 c6 2. d4 d5 3. Nc3 dxe4 4. Nxe4 Bf5 5. Ng3 Bg6 6. Nf3 Nf6 7. Ne5 Nbd7 8.
Nxg6 hxg6 9. c3 e6 10. Bd3 Bd6 11. Qf3 Qc7 12. Bd2 O-O-O 13. O-O-O c5 14. Kb1
c4 15. Bc2 Nb6 16. Bg5 Nbd5 17. Ne4 Be7 18. Nd2 Kb8 19. Rc1 Rc8 20. h4 Qa5 21.
Be4 Nxe4 22. Nxe4 f6 23. Bf4+ Ka8 24. a3 Rc6 25. Kc2 Rd8 26. Be3 Qa4+ 27. Kd2
Qb3 28. Rb1 e5 29. g3 f5 30. Ng5 Nxe3 31. Qxe3 Bf6 32. d5 Rcd6 33. Ke2 Rxd5 34.
Rhc1 Qb5 35. Qf3 e4 36. Qg2 Qd7 37. Kf1 Bxg5 38. hxg5 Rd2 39. Kg1 Qd3 40. Re1
e3 0-1

[Event "Nordic-ch (Women)"]
[Site "Elsinore"]
[Date "2007.07.29"]
[Round "11"]
[White "Agrest, Inna"]
[Black "Johnsen, Sylvia"]
[Result "1-0"]
[WhiteElo "2085"]
[BlackElo "2041"]
[PlyCount "87"]
[EventDate "2007.07.21"]
[EventType "tourn"]
[EventRounds "10"]
[EventCountry "DEN"]
[Source "ChessBase"]
[SourceDate "2009.11.30"]

1. e4 g6 2. d4 c6 3. Nc3 d5 4. e5 Bg7 5. f4 h5 6. Nf3 Bg4 7. Be2 Nh6 8. Be3 Nf5
9. Bf2 e6 10. g3 Bf8 11. Na4 Nd7 12. c3 b5 13. Nc5 Nxc5 14. dxc5 Bxf3 15. Bxf3
a5 16. b3 a4 17. O-O Qa5 18. Qc1 b4 19. cxb4 Qxb4 20. bxa4 Nd4 21. Bd1 Bxc5 22.
Kh1 Qb6 23. Rb1 Qa6 24. Kg2 Ba7 25. Qa3 Nf5 26. Bc5 Kd7 27. Bc2 Bxc5 28. Qxc5
Qc4 29. Rb7+ Ke8 30. Qxc4 Ne3+ 31. Kf2 Nxc4 32. Rfb1 Kf8 33. Rc7 Na5 34. Ke3
Kg7 35. Kd4 h4 36. g4 Rhf8 37. f5 Kh6 38. g5+ Kxg5 39. fxg6 f5 40. exf6 Kxf6
41. Rf1+ Kg5 42. Rg1+ Kf6 43. g7 e5+ 44. Kc5 1-0

[Event "Nordic-ch (Women)"]
[Site "Elsinore"]
[Date "2007.07.25"]
[Round "7"]
[White "Agrest, Inna"]
[Black "Ptacnikova, Lenka"]
[Result "0-1"]
[WhiteElo "2085"]
[BlackElo "2239"]
[PlyCount "104"]
[EventDate "2007.07.21"]
[EventType "tourn"]
[EventRounds "10"]
[EventCountry "DEN"]
[Source "ChessBase"]
[SourceDate "2009.11.30"]

1. e4 c5 2. Nf3 e6 3. d4 cxd4 4. Nxd4 a6 5. Nc3 Qc7 6. Bd3 Nf6 7. O-O Bc5 8.
Nb3 Be7 9. a4 b6 10. f4 d6 11. Qe2 Nc6 12. Be3 O-O 13. Rae1 Re8 14. Kh1 Bf8 15.
Bg1 g6 16. Qf2 Rb8 17. Qh4 Bg7 18. Rf3 Nd7 19. Rh3 Nf8 20. f5 Qd8 21. Qf2 Ne5
22. fxg6 fxg6 23. Rd1 Nfd7 24. Bf1 Qe7 25. Qd2 Bf8 26. Nd4 Bb7 27. Qe1 Bg7 28.
Be2 Nc5 29. Bf3 Rf8 30. b4 Ncd7 31. Qd2 Rbc8 32. Be2 Rc7 33. Nb3 Rfc8 34. Bd4
Bf8 35. Bd3 Nc6 36. Be3 Nxb4 37. Bg5 Qe8 38. Be2 Nc6 39. Qe1 Nce5 40. Qh4 Nc5
41. Nd4 Rf7 42. Rb1 Nxa4 43. Nxa4 Qxa4 44. Be3 Be7 45. Qh6 b5 46. Bf3 Qa2 47.
Rd1 Rcf8 48. Bg1 Qc4 49. Be2 Qc8 50. Bf3 Nxf3 51. gxf3 e5 52. Ne2 Bg5 0-1

[Event "Nordic-ch (Women)"]
[Site "Elsinore"]
[Date "2007.07.26"]
[Round "8"]
[White "Agrest, Svetlana"]
[Black "Andersson, Christin"]
[Result "0-1"]
[WhiteElo "2276"]
[BlackElo "2139"]
[PlyCount "160"]
[EventDate "2007.07.21"]
[EventType "tourn"]
[EventRounds "10"]
[EventCountry "DEN"]
[Source "ChessBase"]
[SourceDate "2009.11.30"]

1. e4 e6 2. Qe2 e5 3. Nf3 Nc6 4. c3 Nf6 5. d4 d6 6. h3 Be7 7. Nbd2 O-O 8. Qd1
exd4 9. cxd4 d5 10. e5 Ne4 11. Bd3 f5 12. O-O Be6 13. Nb3 b6 14. Qe2 Nb4 15.
Bb1 c5 16. Rd1 c4 17. Nbd2 Rc8 18. a3 Nc6 19. Nf1 Na5 20. Bc2 b5 21. Ne1 Nc6
22. f3 Ng5 23. Kh1 Qe8 24. Bf4 Qh5 25. Qf2 Nf7 26. Be3 Bh4 27. g3 Bg5 28. Qh2
Bxe3 29. Nxe3 Ng5 30. f4 Nxh3 31. Rd2 g5 32. Bd1 g4 33. N1g2 Rc7 34. Nh4 Qf7
35. Bc2 Ne7 36. Qe2 Qh5 37. Qh2 Ng6 38. Nhg2 Ne7 39. Nd1 Bc8 40. Nc3 a6 41. Bd1
Rc6 42. Nh4 Nxf4 43. gxf4 Rh6 44. Nf3 gxf3 45. Qxh5 Rxh5+ 46. Rh2 Rxh2+ 47.
Kxh2 Be6 48. Bxf3 Rd8 49. Kg3 Ng6 50. Bh1 Rd7 51. Kf3 Kf8 52. Ke3 Ke8 53. Bf3
Kd8 54. Rh1 Kc7 55. Ne2 Kb6 56. Ng3 Rc7 57. Rh5 c3 58. bxc3 Rxc3+ 59. Kf2 Ka5
60. Ne2 Rc7 61. Bg2 Ka4 62. Rh3 Rc2 63. Rf3 b4 64. axb4 Kxb4 65. Bf1 a5 66. Ke1
a4 67. Kd1 Rc4 68. Nc1 Rxd4+ 69. Kc2 Ka5 70. Nd3 Rc4+ 71. Kb2 Rc7 72. Nc1 d4
73. Ne2 Rd7 74. Nc1 Bd5 75. Rf2 Rb7+ 76. Ka1 Rc7 77. Nd3 Bc4 78. Rc2 Kb6 79.
Nb4 Kb5 80. Nd5 Rc5 0-1

[Event "Nordic-ch (Women)"]
[Site "Elsinore"]
[Date "2007.07.22"]
[Round "3"]
[White "Agrest, Svetlana"]
[Black "Skytte, Torill"]
[Result "1-0"]
[WhiteElo "2276"]
[BlackElo "1999"]
[PlyCount "69"]
[EventDate "2007.07.21"]
[EventType "tourn"]
[EventRounds "10"]
[EventCountry "DEN"]
[Source "ChessBase"]
[SourceDate "2009.11.30"]

1. e4 e6 2. d3 d5 3. Nd2 Nf6 4. g3 dxe4 5. dxe4 Bc5 6. Bg2 O-O 7. Ngf3 b6 8.
O-O Ba6 9. c4 Nc6 10. e5 Nd7 11. Qe2 Bb7 12. Ne4 Bd4 13. Bg5 Qc8 14. Nxd4 Nxd4
15. Qd2 Nc6 16. Nf6+ Nxf6 17. Bxf6 h6 18. Qf4 Nb8 19. Qg4 g6 20. Bxb7 Qxb7 21.
Rad1 c5 22. Rd6 Nc6 23. Qe4 Na5 24. Qf4 Kh7 25. Rfd1 Rac8 26. Rd7 Rc7 27. Rd8
Rxd8 28. Rxd8 Rc8 29. Be7 Qxe7 30. Rxc8 Kg7 31. b3 Nb7 32. Qf3 h5 33. Qc6 Na5
34. Qa8 h4 35. Rh8 1-0

[Event "Nordic-ch (Women)"]
[Site "Elsinore"]
[Date "2007.07.25"]
[Round "6"]
[White "Agrest, Svetlana"]
[Black "Johnsen, Sylvia"]
[Result "1-0"]
[WhiteElo "2276"]
[BlackElo "2041"]
[PlyCount "54"]
[EventDate "2007.07.21"]
[EventType "tourn"]
[EventRounds "10"]
[EventCountry "DEN"]
[Source "ChessBase"]
[SourceDate "2009.11.30"]

1. e4 e5 2. Nf3 Nc6 3. Bc4 Bc5 4. c3 Nf6 5. d3 d6 6. Bb3 O-O 7. h3 h6 8. Nbd2
d5 9. Qe2 Re8 10. Nf1 dxe4 11. dxe4 Qe7 12. Ng3 a6 13. Nh4 Be6 14. Nhf5 Qf8 15.
Qf3 Nd7 16. h4 Ne7 17. Bd2 Nxf5 18. Nxf5 b5 19. Rh3 Bxb3 20. axb3 Re6 21. h5
Kh8 22. Rg3 g5 23. hxg6 fxg6 24. Bxh6 Qe8 25. Ng7 Rf6 26. Nxe8 Rxf3 27. Rxf3
Rxe8 1-0

[Event "Nordic-ch (Women)"]
[Site "Elsinore"]
[Date "2007.07.21"]
[Round "1"]
[White "Agrest, Svetlana"]
[Black "Tuominen, Tanja"]
[Result "1-0"]
[WhiteElo "2276"]
[BlackElo "2107"]
[PlyCount "55"]
[EventDate "2007.07.21"]
[EventType "tourn"]
[EventRounds "10"]
[EventCountry "DEN"]
[Source "ChessBase"]
[SourceDate "2009.11.30"]

1. e4 c5 2. Nf3 Nc6 3. Bb5 e6 4. O-O Nge7 5. Re1 a6 6. Bxc6 Nxc6 7. d4 cxd4 8.
Nxd4 d5 9. Nxc6 bxc6 10. c4 Bb4 11. Nc3 d4 12. a3 Ba5 13. b4 dxc3 14. bxa5 Qxa5
15. Qd6 Bb7 16. a4 Qd8 17. Qg3 Qd4 18. Be3 Qf6 19. Rab1 Bc8 20. Bc5 e5 21. Qxc3
Qe6 22. Red1 f6 23. Rd6 Qf7 24. Rxc6 Bb7 25. Rcb6 Qc7 26. Rxb7 Qd6 27. Rxg7 Rd8
28. Qf3 1-0

[Event "Nordic-ch (Women)"]
[Site "Elsinore"]
[Date "2007.07.21"]
[Round "1"]
[White "Andersson, Christin"]
[Black "Treppendahl, Trine"]
[Result "1-0"]
[WhiteElo "2139"]
[BlackElo "2038"]
[PlyCount "69"]
[EventDate "2007.07.21"]
[EventType "tourn"]
[EventRounds "10"]
[EventCountry "DEN"]
[Source "ChessBase"]
[SourceDate "2009.11.30"]

1. e4 c6 2. Nc3 d5 3. Qf3 dxe4 4. Nxe4 Nf6 5. Bc4 e6 6. c3 Nbd7 7. d4 Nxe4 8.
Qxe4 Nb6 9. Bb3 Be7 10. Nf3 Nd5 11. Be3 Nxe3 12. fxe3 Bf6 13. O-O Qd6 14. Rad1
Be7 15. Ne5 f5 16. Qf3 g6 17. e4 Bd7 18. exf5 exf5 19. Nf7 Qf6 20. Nxh8 Qxh8
21. Rfe1 Qg7 22. d5 Kf8 23. Re2 Rd8 24. Rde1 Bd6 25. Qe3 b6 26. Kh1 c5 27. Qg5
Re8 28. Rxe8+ Bxe8 29. Qd8 Be7 30. Qa8 Qf6 31. Ba4 Bd6 32. Qxe8+ Kg7 33. Bc2
Qh4 34. g3 Bxg3 35. Qe7+ 1-0

[Event "Nordic-ch (Women)"]
[Site "Elsinore"]
[Date "2007.07.25"]
[Round "7"]
[White "Andersson, Christin"]
[Black "Fredericia, Louise Winther"]
[Result "1-0"]
[WhiteElo "2139"]
[BlackElo "2101"]
[PlyCount "63"]
[EventDate "2007.07.21"]
[EventType "tourn"]
[EventRounds "10"]
[EventCountry "DEN"]
[Source "ChessBase"]
[SourceDate "2009.11.30"]

1. e4 e5 2. Nf3 Nf6 3. Nc3 Nc6 4. d4 exd4 5. Nxd4 Bb4 6. f3 Nxe4 7. fxe4 Qh4+
8. g3 Qxe4+ 9. Qe2 Qxe2+ 10. Ndxe2 O-O 11. Bf4 d6 12. O-O-O Bg4 13. Rd2 Bf3 14.
Rg1 Bc5 15. Bg2 Bxg1 16. Bxf3 Bb6 17. Nd5 Rfe8 18. Nxb6 axb6 19. a3 b5 20. c3
Na5 21. Rd5 Nb3+ 22. Kc2 Nc5 23. Nd4 h6 24. Bc1 Rad8 25. Nf5 Re6 26. b4 c6 27.
Rd4 Na4 28. Rg4 h5 29. Rxg7+ Kf8 30. Bxh5 Rf6 31. Bh6 Ke8 32. Rg8+ 1-0

[Event "Nordic-ch (Women)"]
[Site "Elsinore"]
[Date "2007.07.24"]
[Round "5"]
[White "Andersson, Christin"]
[Black "Ptacnikova, Lenka"]
[Result "0-1"]
[WhiteElo "2139"]
[BlackElo "2239"]
[PlyCount "150"]
[EventDate "2007.07.21"]
[EventType "tourn"]
[EventRounds "10"]
[EventCountry "DEN"]
[Source "ChessBase"]
[SourceDate "2009.11.30"]

1. e4 c5 2. c3 Nf6 3. e5 Nd5 4. d4 cxd4 5. Nf3 Nc6 6. cxd4 d6 7. Bc4 e6 8. O-O
Be7 9. Nbd2 Nb6 10. Bb3 d5 11. Re1 O-O 12. Nf1 Nd7 13. Ng3 f6 14. exf6 Nxf6 15.
a3 Bd6 16. Bc2 Qc7 17. Ng5 Nxd4 18. Bxh7+ Nxh7 19. Nxh7 Nf3+ 20. gxf3 Kxh7 21.
Qd3+ Kg8 22. Bd2 Qf7 23. Kg2 Bd7 24. Bc3 Bc6 25. Be5 Rad8 26. Bd4 a6 27. Rac1
Rde8 28. Be5 Bxe5 29. Rxe5 d4 30. Ne4 Qf4 31. Ng5 Bxf3+ 32. Nxf3 Qg4+ 33. Kf1
Rxf3 34. Qe4 Qxe4 35. Rxe4 e5 36. Rce1 Ref8 37. R1e2 d3 38. Rd2 R8f5 39. Kg2
Kh7 40. Rb4 Rf7 41. Re4 R7f5 42. Rb4 a5 43. Rxb7 e4 44. Re7 Rg5+ 45. Kf1 Rg4
46. b4 axb4 47. axb4 Rh3 48. b5 Rxh2 49. f3 Rxd2 50. fxg4 Rb2 51. Rxe4 Rb1+ 52.
Re1 Rxb5 53. Rd1 Rd5 54. Ke1 Kg6 55. Kd2 Kg5 56. Rf1 g6 57. Rg1 Rd4 58. Rg3 Kf4
59. Rg1 g5 60. Kc3 Rd8 61. Kd2 Kf3 62. Rf1+ Kxg4 63. Rg1+ Kf4 64. Rf1+ Ke4 65.
Rg1 Rd5 66. Re1+ Kf3 67. Rf1+ Kg2 68. Rf8 g4 69. Rf7 g3 70. Rg7 Kf2 71. Rf7+
Kg1 72. Rg7 g2 73. Rg8 Rh5 74. Ke1 Kh2 75. Kf2 g1=Q+ 0-1

[Event "Nordic-ch (Women)"]
[Site "Elsinore"]
[Date "2007.07.27"]
[Round "9"]
[White "Andersson, Christin"]
[Black "Johnsen, Sylvia"]
[Result "1-0"]
[WhiteElo "2139"]
[BlackElo "2041"]
[PlyCount "80"]
[EventDate "2007.07.21"]
[EventType "tourn"]
[EventRounds "10"]
[EventCountry "DEN"]
[Source "ChessBase"]
[SourceDate "2009.11.30"]

1. e4 e5 2. Nf3 Nc6 3. Bc4 Bc5 4. O-O Nf6 5. c3 d6 6. h3 O-O 7. d4 Bb6 8. Re1
h6 9. Qd3 a6 10. a4 exd4 11. cxd4 d5 12. exd5 Nxd5 13. Bxd5 Qxd5 14. Nc3 Qh5
15. Ne4 Be6 16. Bd2 Rad8 17. Bc3 Rfe8 18. Ng3 Qd5 19. Rad1 a5 20. Ne2 Qb3 21.
Nf4 Bd5 22. Nd2 Rxe1+ 23. Rxe1 Qa2 24. Qf5 Bxd4 25. Nxd5 Qxa4 26. Ne7+ Nxe7 27.
Rxe7 Bxc3 28. Qxf7+ Kh8 29. bxc3 Qa1+ 30. Kh2 Qxc3 31. Rxc7 Qe5+ 32. f4 Qxc7
33. Qxc7 Rxd2 34. Qxb7 Rd4 35. Qb6 Rb4 36. Qd8+ Kh7 37. f5 a4 38. f6 Rf4 39.
Qd3+ Kh8 40. fxg7+ Kxg7 1-0

[Event "Nordic-ch (Women)"]
[Site "Elsinore"]
[Date "2007.07.22"]
[Round "3"]
[White "Andersson, Christin"]
[Black "Vovk, Oksana"]
[Result "1-0"]
[WhiteElo "2139"]
[BlackElo "2164"]
[PlyCount "85"]
[EventDate "2007.07.21"]
[EventType "tourn"]
[EventRounds "10"]
[EventCountry "DEN"]
[Source "ChessBase"]
[SourceDate "2009.11.30"]

1. e4 e6 2. d4 d5 3. Bd3 c5 4. exd5 exd5 5. Qe2+ Be7 6. dxc5 Nf6 7. Nf3 O-O 8.
Be3 Re8 9. Nc3 Bxc5 10. O-O-O Nc6 11. Bc4 Bxe3+ 12. fxe3 Be6 13. e4 Qc7 14.
Nxd5 Bxd5 15. Bxd5 Qf4+ 16. Qd2 Qxd2+ 17. Nxd2 Nxd5 18. exd5 Nb4 19. Nb3 Nxa2+
20. Kb1 Nb4 21. c3 Na6 22. Rhe1 Kf8 23. Na5 Nc5 24. b4 Ne4 25. Kc2 Nd6 26. Kb3
b5 27. Nc6 a6 28. Ra1 Rec8 29. Ra2 Nc4 30. Rea1 Ne3 31. Rxa6 Rxa6 32. Rxa6 Nxd5
33. c4 bxc4+ 34. Kxc4 Ne7 35. b5 Nxc6 36. bxc6 Rc7 37. Kc5 Ke7 38. Rb6 Kd8 39.
Kd6 Kc8 40. Ra6 Kb8 41. Ra8+ Kxa8 42. Kxc7 f5 43. Kd8 1-0

[Event "Nordic-ch (Women)"]
[Site "Elsinore"]
[Date "2007.07.24"]
[Round "5"]
[White "Bjerke, Silje"]
[Black "Skytte, Torill"]
[Result "1/2-1/2"]
[WhiteElo "2196"]
[BlackElo "1999"]
[PlyCount "44"]
[EventDate "2007.07.21"]
[EventType "tourn"]
[EventRounds "10"]
[EventCountry "DEN"]
[Source "ChessBase"]
[SourceDate "2009.11.30"]

1. e4 e5 2. Nf3 Nc6 3. Bb5 a6 4. Ba4 Nf6 5. O-O Be7 6. Bxc6 dxc6 7. d3 Bg4 8.
h3 Bxf3 9. Qxf3 Qd6 10. Nd2 Nd7 11. Nc4 Qe6 12. b3 O-O-O 13. Bb2 h5 14. Qf5
Qxf5 15. exf5 f6 16. h4 Bc5 17. Rae1 Nb6 18. Nxb6+ Bxb6 19. Kh2 Rhe8 20. Re4
Bc5 21. f3 Rg8 22. Re2 g5 1/2-1/2

[Event "Nordic-ch (Women)"]
[Site "Elsinore"]
[Date "2007.07.22"]
[Round "3"]
[White "Bjerke, Silje"]
[Black "Tuominen, Tanja"]
[Result "0-1"]
[WhiteElo "2196"]
[BlackElo "2107"]
[PlyCount "130"]
[EventDate "2007.07.21"]
[EventType "tourn"]
[EventRounds "10"]
[EventCountry "DEN"]
[Source "ChessBase"]
[SourceDate "2009.11.30"]

1. e4 c5 2. c3 Nf6 3. e5 Nd5 4. d4 cxd4 5. Nf3 e6 6. cxd4 b6 7. Nc3 Nxc3 8.
bxc3 Qc7 9. Bd2 Bb7 10. Bd3 d6 11. O-O Nd7 12. Ng5 Be7 13. Qh5 Bxg5 14. Bxg5
dxe5 15. Rfe1 Qd6 16. Rad1 g6 17. Qh3 e4 18. Bxe4 Bxe4 19. Rxe4 Qd5 20. Qh4 h6
21. Rg4 Qxa2 22. d5 Qe2 23. Rf1 Qe5 24. Bc1 Qxd5 25. Rd4 Qc5 26. Rfd1 g5 27.
Qe4 Rd8 28. Rxd7 Rxd7 29. Qa8+ Ke7 30. Rxd7+ Kxd7 31. Qxh8 Qd5 32. Qd4 Qxd4 33.
cxd4 Kc6 34. Kf1 Kd5 35. Bb2 a5 36. Ke2 Kc4 37. Kd2 b5 38. Kc2 b4 39. Kb1 a4
40. Ka2 Kd3 41. f3 h5 42. Bc1 Kc2 43. Bb2 f5 44. g3 g4 45. fxg4 fxg4 46. Ba1
Kd3 47. Bb2 Kc4 48. Ba1 a3 49. d5 exd5 50. Be5 d4 51. Bf4 Kc3 52. Be5 b3+ 53.
Kxa3 b2 54. Bxd4+ Kxd4 55. Kxb2 Ke3 56. Kc3 Kf3 57. Kd3 Kg2 58. Ke3 Kxh2 59.
Kf2 Kh3 60. Kg1 Kxg3 61. Kh1 Kf2 62. Kh2 g3+ 63. Kh3 g2 64. Kh4 g1=Q 65. Kh3
Qg3# 0-1

[Event "Nordic-ch (Women)"]
[Site "Elsinore"]
[Date "2007.07.28"]
[Round "10"]
[White "Bjerke, Silje"]
[Black "Andersson, Christin"]
[Result "1-0"]
[WhiteElo "2196"]
[BlackElo "2139"]
[PlyCount "85"]
[EventDate "2007.07.21"]
[EventType "tourn"]
[EventRounds "10"]
[EventCountry "DEN"]
[Source "ChessBase"]
[SourceDate "2009.11.30"]

1. d4 d5 2. c4 c6 3. e3 Nf6 4. Nc3 e6 5. Nf3 Bd6 6. Bd3 Nbd7 7. O-O O-O 8. Qc2
e5 9. cxd5 cxd5 10. e4 exd4 11. Nxd5 Ng4 12. h3 Nge5 13. Nxd4 Nxd3 14. Qxd3 Ne5
15. Qe2 Ng6 16. Rd1 Re8 17. Nb5 Bf5 18. Nxd6 Qxd6 19. Ne3 Nf4 20. Rxd6 Nxe2+
21. Kf1 Bxe4 22. Kxe2 Bxg2 23. h4 f5 24. f4 Rac8 25. Bd2 Be4 26. Bc3 Rc7 27.
Rad1 Rce7 28. Be5 Kf7 29. Rd7 h6 30. Nc4 Kg8 31. Rxe7 Rxe7 32. Nd6 Bc6 33. Nxf5
Rf7 34. Nd6 Rd7 35. Rg1 Kh7 36. Ke3 g6 37. Ne8 Rf7 38. Nf6+ Kg7 39. f5 Re7 40.
Rxg6+ Kf7 41. Kf4 b5 42. Rxh6 Rb7 43. Rh7+ 1-0

[Event "Nordic-ch (Women)"]
[Site "Elsinore"]
[Date "2007.07.21"]
[Round "1"]
[White "Bjerke, Silje"]
[Black "Agrest, Inna"]
[Result "0-1"]
[WhiteElo "2196"]
[BlackElo "2085"]
[PlyCount "84"]
[EventDate "2007.07.21"]
[EventType "tourn"]
[EventRounds "10"]
[EventCountry "DEN"]
[Source "ChessBase"]
[SourceDate "2009.11.30"]

1. e4 e5 2. Nf3 Nc6 3. Bb5 a6 4. Ba4 Nf6 5. O-O b5 6. Bb3 Bc5 7. d3 d6 8. h3
Na5 9. Nc3 O-O 10. Ne2 Nxb3 11. axb3 Qe7 12. Ng3 h6 13. Nh4 d5 14. Nhf5 Bxf5
15. Nxf5 Qe6 16. Qf3 Kh7 17. Qg3 Nh5 18. Qg4 g6 19. Nxh6 dxe4 20. dxe4 Rad8 21.
Nf5 Rd7 22. Ne3 Nf4 23. Rxa6 Qxa6 24. Qxd7 Ne2+ 25. Kh2 Nxc1 26. Rxc1 Qf6 27.
Nd5 Qxf2 28. Qxc7 Re8 29. Qd7 Rb8 30. Rd1 Kg7 31. Nc7 Be3 32. Qd3 Bf4+ 33. Kh1
Rh8 34. Qd7 Bg3 35. Ne6+ Kf6 36. Nd8 Rh7 37. Rd6+ Kg7 38. Rd1 Rh4 39. Ne6+ Kh6
40. Nd8 Rxe4 41. Nxf7+ Kh5 42. Rg1 Qxg1+ 0-1

[Event "Nordic-ch (Women)"]
[Site "Elsinore"]
[Date "2007.07.25"]
[Round "7"]
[White "Bjerke, Silje"]
[Black "Agrest, Svetlana"]
[Result "1-0"]
[WhiteElo "2196"]
[BlackElo "2276"]
[PlyCount "107"]
[EventDate "2007.07.21"]
[EventType "tourn"]
[EventRounds "10"]
[EventCountry "DEN"]
[Source "ChessBase"]
[SourceDate "2009.11.30"]

1. e4 e5 2. Nf3 Nc6 3. Bb5 f5 4. d3 fxe4 5. dxe4 Nf6 6. O-O Bc5 7. Bxc6 bxc6 8.
Nxe5 O-O 9. Bg5 d6 10. Nd3 Bb6 11. Nd2 Qe8 12. Bxf6 Rxf6 13. Kh1 Ba6 14. c4 Bd4
15. Qa4 Qc8 16. Nf3 c5 17. Nxd4 cxd4 18. Nb4 Bxc4 19. Rfc1 Be6 20. Nc6 Qe8 21.
Qxd4 a5 22. Qd2 Bd7 23. Ne7+ Kh8 24. Nd5 Rh6 25. Nxc7 Qh5 26. Qxh6 Qxh6 27.
Nxa8 Qf4 28. Nb6 Be6 29. f3 h5 30. Nd5 Bxd5 31. exd5 Qd2 32. Rcb1 Kh7 33. a3 a4
34. b4 axb3 35. Rxb3 Qxd5 36. Rbb1 Qa5 37. a4 d5 38. Rb5 Qc3 39. Rd1 Qc2 40.
Rbxd5 Qxa4 41. Rxh5+ Kg6 42. Rhd5 Qc2 43. h3 Qb3 44. R5d4 Qb5 45. Rg4+ Kh7 46.
Rdd4 Qb1+ 47. Kh2 Qb8+ 48. Rg3 Qb1 49. Rdg4 Kh8 50. f4 Qe4 51. f5 Qxf5 52. Rxg7
Qe5 53. R7g5 Qe2 54. R3g4 1-0

[Event "Nordic-ch (Women)"]
[Site "Elsinore"]
[Date "2007.07.28"]
[Round "10"]
[White "Fredericia, Louise Winther"]
[Black "Vovk, Oksana"]
[Result "0-1"]
[WhiteElo "2101"]
[BlackElo "2164"]
[PlyCount "68"]
[EventDate "2007.07.21"]
[EventType "tourn"]
[EventRounds "10"]
[EventCountry "DEN"]
[Source "ChessBase"]
[SourceDate "2009.11.30"]

1. e4 e6 2. d4 d5 3. Nc3 Nf6 4. Bg5 Be7 5. e5 Nfd7 6. Bxe7 Qxe7 7. f4 O-O 8.
Nf3 c5 9. Nb5 Nc6 10. c3 f6 11. Bd3 a6 12. Nd6 fxe5 13. fxe5 b5 14. O-O cxd4
15. cxd4 Na5 16. Qe1 Nc4 17. Qg3 Nxd6 18. Bxh7+ Kxh7 19. exd6 Qe8 20. Qh4+ Kg8
21. Rae1 Qg6 22. Qe7 Re8 23. Qh4 Rf8 24. Qe7 Re8 25. Qh4 Qh6 26. Qg3 Nf6 27.
Ne5 Ra7 28. Rf3 Ne4 29. Qg4 Nf6 30. Qg3 Ne4 31. Qg4 Qd2 32. Rfe3 Qf2+ 33. Kh1
Qxe1+ 34. Rxe1 Nf2+ 0-1

[Event "Nordic-ch (Women)"]
[Site "Elsinore"]
[Date "2007.07.25"]
[Round "6"]
[White "Fredericia, Louise Winther"]
[Black "Bjerke, Silje"]
[Result "0-1"]
[WhiteElo "2101"]
[BlackElo "2196"]
[PlyCount "184"]
[EventDate "2007.07.21"]
[EventType "tourn"]
[EventRounds "10"]
[EventCountry "DEN"]
[Source "ChessBase"]
[SourceDate "2009.11.30"]

1. e4 c5 2. Nf3 d6 3. Bc4 Nf6 4. d3 e6 5. O-O Be7 6. Bb3 Nc6 7. c3 O-O 8. Re1
b6 9. Nbd2 Ba6 10. Nf1 d5 11. e5 Nd7 12. d4 Re8 13. Bf4 Nf8 14. Bc2 f5 15. exf6
Bxf6 16. Rc1 Rc8 17. Ne3 cxd4 18. cxd4 Nb4 19. Bb1 Rxc1 20. Qxc1 Nd3 21. Bxd3
Bxd3 22. Qc6 Qc8 23. Rc1 Qxc6 24. Rxc6 Ng6 25. Bg5 Be2 26. Bxf6 gxf6 27. Nd2
Re7 28. g3 Kf7 29. a4 Rd7 30. f3 Ne7 31. Rc1 h5 32. Kf2 Bd3 33. Rc3 Bg6 34. f4
Rb7 35. b4 a6 36. h3 Nf5 37. Nxf5 Bxf5 38. h4 Ke7 39. Ke3 Kd7 40. Nb3 Rc7 41.
Kd2 Rc4 42. a5 Rxb4 43. axb6 Rxb6 44. Nc5+ Ke7 45. Ra3 Rb2+ 46. Kc3 Rc2+ 47.
Kb3 Rc4 48. Rxa6 Rxd4 49. Ra7+ Kd6 50. Na4 e5 51. Ra6+ Ke7 52. Ra7+ Kf8 53.
Ra8+ Kg7 54. Ra7+ Kg6 55. fxe5 fxe5 56. Ra6+ Kf7 57. Ra7+ Kf6 58. Ra6+ Ke7 59.
Ra7+ Kd6 60. Ra6+ Kc7 61. Rh6 Bg4 62. Nc5 Rd1 63. Kc2 Rg1 64. Nd3 Bf5 65. Rxh5
Bxd3+ 66. Kxd3 Rxg3+ 67. Ke2 Kd6 68. Rh8 e4 69. h5 Rh3 70. h6 Ke5 71. Kf2 Kd4
72. Kg2 Rh5 73. h7 Ke3 74. Rd8 Rxh7 75. Rxd5 Rf7 76. Ra5 Rd7 77. Ra3+ Rd3 78.
Ra1 Ke2 79. Ra6 e3 80. Re6 Rd8 81. Rg6 Kd2 82. Ra6 Rg8+ 83. Kf3 Rf8+ 84. Kg2
Rc8 85. Rd6+ Ke2 86. Re6 Kd2 87. Rd6+ Ke1 88. Re6 e2 89. Kf3 Kf1 90. Rh6 Rf8+
91. Kg4 e1=Q 92. Rh1+ Ke2 0-1